00523nam a2200193 a 4500001001300000003000900013005001700022008004100039020002600080082001500106100001800121245004500139260005200184300000900236500003500245505001000280650002100290700001800311nice12345678IN_TiNIC20260116013745.0050524s1967 bera grp 000 0 eng  a0520000 c183.7500a200.9bDEV aDe Vries, Jan aPerspectives in the History of Religions aBerkeleybUniversity of California Press c1967 a231p aincludes index and biblioraphy2 aIndex aReligion-History1 aDe Vries, Jan